| 000 -ლიდერი |
| ფიქსირებული სიგრძის საკონტროლო ველი |
01021nam a2200229Ia 4500 |
| 001 - საკონტროლო ნომერი |
| საკონტროლო ველი |
4375 |
| 003 - საკონტროლო ნომრის იდენტიფიკატორი |
| საკონტროლო ველი |
GE_BSU |
| 005 - ბოლო ოპერაციის თარიღი და დრო |
| საკონტროლო ველი |
20190520141927.0 |
| 008 - ფიქსირებული სიგრძის მონაცემთა ელემენტები - ზოგადი ინფორმაცია |
| ფიქსირებული სიგრძის საკონტროლო ველი |
181216s1978||||ge |||||||||||||| ||geo|| |
| 040 ## - კატალოგიზაციის წყარო |
| Transcribing agency |
GE_BSU |
| 041 ## - ენის კოდი |
| Language code of text/sound track or separate title |
geo |
| 082 ## - დუის ათობითი კლასიფიკაციის ინდექსი |
| Classification number |
53(042.4) ღ–80 |
| 100 ## - მთავარი ჩანაწერი - პიროვნების სახელი |
| Personal name |
ღონღაძე, დ |
| 9 (RLIN) |
1353 |
| 245 ## - ცნობა სათაურის შესახებ |
| Title |
ზოგადი ფიზიკა:ოპტიკა და ნივთიერების აღნაგობა. ნაწ. lll. |
| Remainder of title |
ლექციების კონსპექტი / |
| Statement of responsibility, etc |
დ. ღონღაძე ; რედ : ე. კირვალიძე. |
| 250 ## - გამოცემის ცნობა |
| Edition statement |
მეორე გამოც. |
| 264 ## - წარმოების, გამოცემის, დისტრიბუციის და სხვა ცნობები |
| გამოცემის, წარმოების, დისტრიბუციის... ადგილი |
თბილისი : |
| გამოცემის, წარმოების, დისტრიბუციის... სახელწოდება |
სპი, |
| გამოცემის, წარმოების, დისტრიბუციის... თარიღი |
1978. |
| 300 ## - ფიზიკური აღწერა |
| Extent |
204 გვ .: |
| Dimensions |
20 სმ. |
| 653 ## - INDEX TERM--UNCONTROLLED |
| Uncontrolled term |
ზოგადი ფიზიკა. ოპტიკა;ნივთიერების აღნაგობა. |
| 653 ## - INDEX TERM--UNCONTROLLED |
| Uncontrolled term |
ფიზიკა |
| 700 ## - ADDED ENTRY--PERSONAL NAME |
| Personal name |
კირვალიძე, ე |
| Relator term |
რედაქტორი |
| 9 (RLIN) |
1375 |
| 942 ## - ADDED ENTRY ELEMENTS (KOHA) |
| Koha item type |
წიგნი |
| Source of classification or shelving scheme |
|